000 00315nam a22001337a 4500
008 170921b xxu||||| |||| 00| 0 eng d
020 _a9780534555344
041 _aeng
080 _22ND
_a78
100 _a45
101 _aMUZ
245 _aTHE BEAT GOES ON POPULAR MUSIC IN AMERICA
_cCAMPBELL,M
942 _2udc
_cBK
999 _c28683
_d28683